Towards A Malaysian Value Added Tax : (Record no. 4491)

000 -LEADER
fixed length control field nam a22 a 4500
005 - DATE AND TIME OF LATEST TRANSACTION
control field 20170530145659.0
008 - FIXED-LENGTH DATA ELEMENTS--GENERAL INFORMATION
fixed length control field 170530s1995 my ||||| |||| 00| 0 eng d
040 ## - CATALOGING SOURCE
Original cataloging agency AKMAL
100 1# - MAIN ENTRY--PERSONAL NAME
Personal name Veerinderjeet Singh
9 (RLIN) 245
110 2# - MAIN ENTRY--CORPORATE NAME
Corporate name or jurisdiction name as entry element Malaysian Institute of Taxation
9 (RLIN) 3836
245 ## - TITLE STATEMENT
Title Towards A Malaysian Value Added Tax :
Remainder of title what it is, how it works & its implications. /
Statement of responsibility, etc. a research report for the Malaysian Institute of Taxation by Veerinderjeet Singh, Richard Thornton and Michael Velten
260 ## - PUBLICATION, DISTRIBUTION, ETC.
Place of publication, distribution, etc. [Kuala Lumpur]:
Name of publisher, distributor, etc. Malaysian Institute of Taxation,
Date of publication, distribution, etc. 1995.
300 ## - PHYSICAL DESCRIPTION
Extent 90 pages.
Dimensions 30 cm
650 10 - SUBJECT ADDED ENTRY--TOPICAL TERM
Topical term or geographic name entry element Taxation
Geographic subdivision Malaysia
9 (RLIN) 179
700 1# - ADDED ENTRY--PERSONAL NAME
Personal name Thornton, Richard
9 (RLIN) 8704
700 1# - ADDED ENTRY--PERSONAL NAME
Personal name Velten, Michael
9 (RLIN) 8705
710 2# - ADDED ENTRY--CORPORATE NAME
Corporate name or jurisdiction name as entry element Malaysian Institute of Taxation
9 (RLIN) 3836
942 ## - ADDED ENTRY ELEMENTS (KOHA)
Source of classification or shelving scheme
Koha item type Book
950 ## - LOCAL HOLDINGS (RLIN)
Permanent shelving location, LOC (RLIN) AKMAL
Holdings
Withdrawn status Lost status Source of classification or shelving scheme Damaged status Not for loan Collection code Home library Current library Shelving location Date acquired Total Checkouts Barcode Date last seen Price effective from Koha item type
          NON-FICTION AKMAL Melaka AKMAL Melaka PINJAMAN 30.05.2017   201706862 30.05.2017 30.05.2017 Book
Pusat Sumber Maklumat Dato' Haji Sarmin Md Hussin, Akademi Kastam Diraja Malaysia, Melaka
Tel: 06-2331106 | Faks: 06-2313787